Potřebuje firma manažera logistiky? 2
Úroveň logistiky. Logistická zložitosť v priamej väzbe na tok tovaru. Plánovanie. Doprava a sklady. Výroba - predaj. Riadenie logistiky si vyžaduje efektívnu organizačnú štruktúru, operatívnu organizáciu a využitie vyspelej techniky.
Saved in:
| Main Author: | |
|---|---|
| Format: | Book Chapter |
| Language: | Czech |
| Subjects: | |
| Tags: |
No Tags, Be the first to tag this record!
|
MARC
| LEADER | 00000naa a2200000 4500 | ||
|---|---|---|---|
| 001 | r026658 | ||
| 005 | 20230522111734.9 | ||
| 041 | 0 | |a cze | |
| 044 | |a CZ | ||
| 245 | 1 | 0 | |a Potřebuje firma manažera logistiky? 2 |c Marie Jurová |
| 520 | |a Úroveň logistiky. Logistická zložitosť v priamej väzbe na tok tovaru. Plánovanie. Doprava a sklady. Výroba - predaj. Riadenie logistiky si vyžaduje efektívnu organizačnú štruktúru, operatívnu organizáciu a využitie vyspelej techniky. | ||
| 610 | 2 | 0 | |a logistika |
| 610 | 2 | 0 | |a manažéri |
| 610 | 2 | 0 | |a manažment |
| 610 | 2 | 0 | |a tok tovaru |
| 610 | 2 | 0 | |a plánovanie |
| 610 | 2 | 0 | |a doprava |
| 610 | 2 | 0 | |a sklady |
| 100 | 1 | |a Jurová, Marie | |